000 01478nmm a2200361 a 4500
001 ocm000964983
003 TR-IsHL
005 20201028150821.0
008 150110s2014 tu tur
007 cr cn
035 _a964983
_b(N$T)
050 0 4 _aPN5355.S7751
_bH385 2014
090 0 4 _aPN5355.S7751
_bH385 2014
245 1 0 _aHavâdis: yüzyıl önce 1914-1915, I. Dünya Savaşının 100. Yılı
_h[electronic resource] /
_cproj. sor. Abdurrahman Şen ; proj. koor. Ramazan Minder ; proj. dan. Cavide Pala ; araştırma ve sergi düz. Ayşenur Ünal, Bahriye Çengel , Ahmed Salih Ünal
260 _aİstanbul :
_bİstanbul Büyükşehir Belediyesi Kütüphane ve Müzeler Müdürlüğü,
_c2014
300 _a300 p.
650 4 _aMedya ve İletişim
650 4 _aCommunication & Media
650 0 _aTürk gazeteleri
_xİstanbul (Türkiye)
_xTarih
_xKaynaklar
650 0 _aTurkish newspapers
_xIstanbul (Turkey)
_xHistory
_xSources
650 0 _aGazetecilik
_xTürkiye
_xTarih
650 0 _aJournalism
_xTurkey
_xHistory
650 0 _aBasın
_xTürkiye
_xTarih
650 0 _aPress
_xTurkey
_xHistory
650 7 _aLANGUAGE ARTS & DISCIPLINES / Journalism
_2bisacsh
700 1 _aŞen, Abdurrahman
700 1 _aMinder, Ramazan
700 1 _aPala, Cavide
700 1 _aÜnal, Ayşenur
700 1 _aÇengel, Bahriye
700 1 _aÜnal, Ahmed Salih
856 4 0 _uhttp://search.ebscohost.com/login.aspx?direct=true&scope=site&db=e011xww&AN=964983
999 _c10678
_d10678